[Event "GRE-ch U16"]
[Site "Greece"]
[Date "2014.07.10"]
[Round "9"]
[White "Tsekmes, Dimitrios"]
[Black "Spiliopoulos, Aristovoulos"]
[Result "1-0"]
[WhiteElo "1915"]
[BlackElo "1401"]
[PlyCount "67"]
[EventDate "2014.07.04"]
[EventType "swiss"]
[EventRounds "9"]
[EventCountry "GRE"]
[SourceTitle "EXT 2017"]
[Source "ChessBase"]
[SourceDate "2016.10.25"]
[SourceVersion "1"]
[SourceVersionDate "2016.10.25"]
[SourceQuality "1"]

1. e4 Nf6 2. e5 Nd5 3. c4 Nb6 4. d4 d6 5. exd6 exd6 6. Nf3 Be7 7. Be3 0-0 8. Nc3 Bg4 9. b3 Bf6 10. Be2 Nc6 11. 0-0 Re8 12. Qd2 Nc8 13. Nd5 Be7 14. Rfe1 Nb6 15. Nxe7+ Nxe7 16. h3 Bh5 17. Rad1 Nf5 18. Bf4 d5 19. g4 Bxg4 20. hxg4 Nh4 21. Nxh4 Qxh4 22. Kg2 Qd8 23. c5 Nd7 24. Bb5 Rxe1 25. Rxe1 c6 26. Bd3 g6 27. Qe2 Qf6 28. Qe3 Qh4 29. f3 Qd8 30. Qe7 Qa5 31. Bh6 Qxa2+ 32. Re2 Qxb3 33. Qxd7 Rf8 34. Qe7 1-0